| 000 | 00939cab a22001935a 4500 | ||
|---|---|---|---|
| 001 | L146512 | ||
| 008 | 090128e20090123xxkod f 000 0 eng d | ||
| 035 | _a(Sirsi) u146512 | ||
| 041 | 0 | _aeng | |
| 100 | 1 | _aGlackin, Michael | |
| 245 | 0 | 0 |
_aEuro _b300 |
| 260 | _c2009 | ||
| 490 | 0 |
_aBuilding _v274 (8563) 23 January 2009, 42-52 (10) |
|
| 520 | _aPresents an annual table of Europe's top 300 contractors and materials firms. Reports that the German construction market is the best placed to face the current international economic downturn. Vinci, a French company, is at the top of the league table, followed by Bouygues (France) and ACS (Spain). Most figures are based on annual results from December 2007. Provides countries of companies, turnover in millions of euros and in percentages, and net profit in millions of euros. | ||
| 590 | _aKA | ||
| 651 | 4 | _aEurope | |
| 690 | _aBUILT ENVIRONMENT-CONSTRUCTION MARKET | ||
| 942 | _n0 | ||
| 999 |
_c81175 _d81175 |
||